Vi sinh vật học Phần II Sinh lý học - Sinh hóa học - Di truyền học - Miễn dịch học và sinh thái học vi sinh vật

Nội dung sách trình bày các vấn đề về dinh dưỡng của vi sinh vật; sinh trưởng và phát triển của vi sinh vật; ức chế vi sinh vật bằng các tác nhân vật lý và hóa học; khái niệm chung về trao đổi chất ở vi sinh vật;......

Popoln opis

Shranjeno v:
Bibliografske podrobnosti
Drugi avtorji: Nguyễn Lân Dũng, Bùi Thị Việt Hà, Nguyễn Đình Quyến
Format: Knjiga
Jezik:Vietnamese
Izdano: H. Khoa học và kỹ thuật 2012
Teme:
Oznake: Označite
Brez oznak, prvi označite!
Thư viện lưu trữ: Thư viện Trường Đại học Nam Cần Thơ
LEADER 01434nam a22002297a 4500
001 NCT_139725
008 180616b xxu||||| |||| 00| 0 vie d
999 |c 7200  |d 7200 
020 |c 213000 
082 0 4 |2 23rd ed.  |a 579  |b V300S/P.2 
245 0 0 |a Vi sinh vật học  |n Phần II  |p Sinh lý học - Sinh hóa học - Di truyền học - Miễn dịch học và sinh thái học vi sinh vật  |c Nguyễn Lân Dũng,...[et al.] 
260 |a H.  |b Khoa học và kỹ thuật  |c 2012 
300 |a 720 tr.  |b Minh họa  |c 27cm 
520 3 |a Nội dung sách trình bày các vấn đề về dinh dưỡng của vi sinh vật; sinh trưởng và phát triển của vi sinh vật; ức chế vi sinh vật bằng các tác nhân vật lý và hóa học; khái niệm chung về trao đổi chất ở vi sinh vật;... 
653 |a Dược học 
700 1 |a Nguyễn Lân Dũng 
700 1 |a Bùi Thị Việt Hà 
700 1 |a Nguyễn Đình Quyến 
942 |2 ddc  |c BK 
952 |0 0  |1 0  |2 ddc  |4 0  |6 579_000000000000000_V300S_P_2  |7 0  |9 25880  |a 000001  |b 000001  |d 2022-07-26  |o 579 V300S/P.2  |p MD.20379  |r 2022-07-26  |v 213000.00  |w 2022-07-26  |y BK 
952 |0 0  |1 0  |2 ddc  |4 0  |6 579_000000000000000_V300S_P_2  |7 0  |9 25881  |a 000001  |b 000001  |d 2022-07-26  |o 579 V300S/P.2  |p MD.20380  |r 2022-07-26  |v 213000.00  |w 2022-07-26  |y BK 
980 |a Thư viện Trường Đại học Nam Cần Thơ